LEADER 00640nam0-22002651i-450- 001 990000094190403321 035 $a000009419 035 $aFED01000009419 035 $a(Aleph)000009419FED01 035 $a000009419 100 $a20011111d--------km-y0itay50------ba 101 0 $aita 105 $ay-------001yy 200 1 $aGEOLOGIE agricole pratique 210 $aS.l.$cs.e.$ds.d. 215 $a<22> p.$d21 cm 610 0 $aPedologia 676 $a631.4 801 0$aIT$bUNINA$gRICA$2UNIMARC 901 $aBK 912 $a990000094190403321 952 $a13 AR 28 B 10$b5446$fFINBC 959 $aFINBC 997 $aUNINA DB $aING01 LEADER 02286nas 2200661-a 450 001 9910144354703321 005 20260218110413.0 035 $a(CKB)991042730787390 035 $a(CONSER)---92649621- 035 $a(DE-599)ZDB3124015-X 035 $a(DE-599)3124023-9 035 $a(DE-599)3124018-5 035 $a(DE-599)3124015-X 035 $a(EXLCZ)99991042730787390 100 $a19910627b19802007 --- - 101 0 $ager 181 $ctxt$2rdacontent 182 $cc$2rdamedia 183 $acr$2rdacarrier 200 00$aAgrarwirtschaft und Agrarsoziologie =$eEconomie et sociologie rurales 210 $aZürich $cSchweiz. Gesellschaft für Agrarwirtschaft und Agrarsoziologie$d-[2007] 215 $a1 online resource 300 $aSome issues have also a distinctive title. 311 08$a1023-3938 517 3 $aEconomie et sociologie rurales 606 $aAgriculture$xEconomic aspects$vPeriodicals 606 $aAgriculture$xEconomic aspects$zSwitzerland$vPeriodicals 606 $aSociology, Rural$vPeriodicals 606 $aSociology, Rural$zSwitzerland$vPeriodicals 606 $aAgriculture and state$vPeriodicals 606 $aAgriculture and state$zSwitzerland$vPeriodicals 606 $aAgriculture and state$2fast$3(OCoLC)fst00801722 606 $aAgriculture$xEconomic aspects$2fast$3(OCoLC)fst00801415 606 $aSociology, Rural$2fast$3(OCoLC)fst01123947 606 $aLandwirtschaft$2stw 606 $aAgrarpolitik$2stw 606 $aSchweiz$2stw 607 $aSwitzerland$2fast 608 $aPeriodicals.$2fast 615 0$aAgriculture$xEconomic aspects 615 0$aAgriculture$xEconomic aspects 615 0$aSociology, Rural 615 0$aSociology, Rural 615 0$aAgriculture and state 615 0$aAgriculture and state 615 7$aAgriculture and state. 615 7$aAgriculture$xEconomic aspects. 615 7$aSociology, Rural. 615 7$aLandwirtschaft. 615 7$aAgrarpolitik. 615 7$aSchweiz. 676 $a338.1/05 712 02$aSchweiz. Gesellschaft fu?r Agrarwirtschaft und Agrarsoziologie. 906 $aJOURNAL 912 $a9910144354703321 920 $aexl_impl conversion 996 $aAgrarwirtschaft und Agrarsoziologie$92232489 997 $aUNINA